• 首页
  • 本馆介绍
  • 公告通知
  • 最新文献
  • 馆藏检索
  • 电子资源
  • 读者荐购
  • 参考咨询
  • CALIS
  • 我的图书馆
  • 登录
  • 详细信息显示
  • 放入我的书架
  • 预约/预借图书
  • 作者相关作品
  • 分类相关作品
  • 丛书相关作品
  • 出版社相关作品

书目信息

  • 表格格式
  • 工作单格式
  • 卡片格式
题名:
文学描写技巧
    
 
作者: 冉欲达 著
分册:  
出版信息: 北京   中国青年出版社  1988.10
页数: 333页
开本: 32开
丛书名:
单 册:
中图分类: H15
科图分类:
主题词: 汉语--写作 , 汉语--修辞
电子资源:
ISBN: 7-5006-0308-8
 
 
 
 
 
000 00557nam0 2200205 45
001 0011210882
005 20001121082638.5
010    @a7-5006-0308-8@d10.50元
100    @a20001121d1988 km y0chiy0120 ea
101 0  @achi
105    @a z 000yy
200 1  @a文学描写技巧@AWen Xue Miao Xie Ji Qiao@f冉欲达著@FRan Yu Da Zhu
210    @a北京@c中国青年出版社@d1988.10
215    @a333页@d32开
606 0  @a汉语@x写作
606 0  @a汉语@x修辞
690    @aH15@v3
701  0 @a冉欲达@4著
801    @aCN@bPftUser@c20001121
905    @b414087-089@dH15@eR153@f3
    
    文学描写技巧/冉欲达著.-北京:中国青年出版社,1988.10
    333页;32开
    
    
    ISBN 7-5006-0308-8:10.50元
    
●
相关链接 在E读中查询图书 在当当中查询图书 在豆瓣中查询图书


正题名:文学描写技巧     索取号:H15/R153         预约/预借

序号 登录号 条形码 馆藏地/架位号 状态 备注
1 414087   204140875   社科二线400B/400B社科库 7排1列6层/ [索取号:H15/R153] 在馆    
2 414088   204140884   社科二线400B/209语言库 70排1列6层/ [索取号:H15/R153] 在馆    
3 414089   204140893   社科二线400B/400B社科库 7排1列6层/ [索取号:H15/R153] 在馆    
河南城建学院图书馆 欢迎您!
大连网信软件有限公司© 版权所有